Tornaľa Mestský dom

Zobrazenie: Tri pohľady v bielom orámovaní z rôznych uhlov na Mestský dom

Bibliographic Details
Format: Photo
Language:Slovak
Hungarian
PhysicalDescription:1 pohľadnica (3 čiastkové pohľady) čiernobiela 14 x 10 cm
Published: [Tornaľa] Chorvát, veľkopredaj tabáku [1933?]
Subjects:

MARC

LEADER 00000ckm a2200000 a 4500
001 vtls011635227
003 SK-MaSNL
005 20260302091822.0
007 kf bo
008 240703q1933 xo g 00 kuslo
015 |a SNBG1933 
035 |a urn:nbn:sk:snk-km00dn5r 
035 |a urn:nbn:sk:snk-km3m03o 
035 |a 79902022-1D46-42DE-BC59-5FE99DC30D9A 
040 |a SNK  |b slo  |c SNK  |e AACR2 
041 0 |a slo  |a hun 
043 |a e-xo--- 
044 |a xo  |c SK 
072 7 |a 913  |x Regionálna geografia  |2 konspekt 
080 |a 913(437.6)  |2 2011 
080 |a 725.1  |2 2011 
080 |a (084.121)  |2 2011 
245 0 0 |a Tornaľa  |h grafika  |b Mestský dom 
246 3 1 |a Tornalja  |b Városháza 
260 |a [Tornaľa]  |b Chorvát, veľkopredaj tabáku  |c [1933?] 
300 |a 1 pohľadnica (3 čiastkové pohľady)  |b čiernobiela  |c 14 x 10 cm 
520 8 |a Zobrazenie: Tri pohľady v bielom orámovaní z rôznych uhlov na Mestský dom 
546 |a Súbežný názov a podnázov v maď. 
650 0 7 |a verejné budovy  |2 SNKPH  |9 2985 
651 7 |a Tornaľa (Slovensko)  |2 SNKPHgeo  |9 31385 
655 7 |a miestne pohľadnice  |2 SNKPH  |9 70510 
852 |a Slovenská národná knižnica 
958 |a EUIPO 
958 |a GBN 
958 |a GC 
958 |a OND 
999 |c 1202245  |d 1204175 
952 |a SNK  |b SNK  |y PREZ  |7 0  |p 17A1223668  |o snkSP 23324  |0 0  |1 0  |4 0  |d 2017-06-08  |f 1  |l 0  |r 2026-02-24 22:46:16  |w 2026-02-24